000 00651nam a2200229Ia 4500
003 OSt
005 20221002045512.0
006 a|||||r|||| 00| 0
007 ta
008 220930b |||||||| |||| 00| 0 eng d
020 _a9787380590004 (hbk)
024 _a102328
037 _cReference Collections
040 _aCRL
_cCRL
_beng
041 _2eng
_aeng
082 _an2(D65,8(B)),Q0, Q0(RR)
245 0 _aNorthern indiastat
_b e-yearbook 2010
260 _aNew Delhi
_bDatnet India India
_c2010
300 _axxiii,113p.
_ccm.
942 _hn2(D65,8(B)),Q0, Q0(RR)
_cref
_2CC
999 _c912549
_d912549